All 7 Letter Words that Begin With B - Statistics

General Stats
  • This quiz has been taken 23 times
  • The average score is 325 of 2559
Answer Stats
% Correct
brother
94%
balling
88%
barking
88%
betters
88%
breaker
88%
bagging
82%
barkers
82%
batters
82%
beakers
82%
benders
82%
blocker
82%
bracken
82%
browner
82%
backers
76%
backing
76%
badgers
76%
banding
76%
bankers
76%
banking
76%
beaders
76%
beamers
76%
beaters
76%
beating
76%
belling
76%
billing
76%
blacker
76%
blander
76%
bleeder
76%
blocked
76%
booking
76%
bothers
76%
braided
76%
bridges
76%
buckets
76%
buffers
76%
bumpers
76%
butters
76%
bailers
71%
bailing
71%
bangers
71%
bangles
71%
bargain
71%
batches
71%
bathers
71%
bathing
71%
battles
71%
beading
71%
beaming
71%
bearing
71%
beckons
71%
becomes
71%
bedding
71%
blanked
71%
blanker
71%
blanket
71%
blender
71%
blowing
71%
blusher
71%
boaters
71%
boilers
71%
boiling
71%
bookers
71%
bowling
71%
breeder
71%
bridged
71%
brusher
71%
buggers
71%
bunnies
71%
baggers
65%
baiting
65%
ballers
65%
barring
65%
Bartter
65%
bashing
65%
basting
65%
bastion
65%
battery
65%
beaches
65%
beastie
65%
beeches
65%
beggars
65%
bellows
65%
belters
65%
bending
65%
besting
65%
blacked
65%
blaming
65%
blaster
65%
blended
65%
blinker
65%
blooded
65%
blowers
65%
bogging
65%
bombers
65%
bonders
65%
bonding
65%
booming
65%
booters
65%
bopping
65%
branded
65%
brander
65%
breasts
65%
brought
65%
browned
65%
brushed
65%
buckles
65%
buffing
65%
bullets
65%
bullies
65%
bungles
65%
butcher
65%
buttery
65%
babbled
59%
babbler
59%
babbles
59%
baffler
59%
banders
59%
banners
59%
banning
59%
banters
59%
bashers
59%
baskets
59%
basters
59%
batched
59%
battler
59%
beached
59%
bearers
59%
beeping
59%
believe
59%
bellies
59%
belting
59%
bickers
59%
binders
59%
binding
59%
binging
59%
bitters
59%
blabber
59%
blacken
59%
bladder
59%
blessed
59%
blinked
59%
boarder
59%
boating
59%
bombing
59%
boogies
59%
boomers
59%
booster
59%
bottles
59%
bowlers
59%
braider
59%
brained
59%
brasher
59%
braying
59%
breaded
59%
breying
59%
brooder
59%
bruised
59%
bucking
59%
buddies
59%
budding
59%
Buerger
59%
bundles
59%
bungled
59%
bunting
59%
burning
59%
burping
59%
bushing
59%
busters
59%
busting
59%
baffled
53%
baffles
53%
balding
53%
ballets
53%
bargers
53%
barging
53%
barters
53%
basking
53%
bassing
53%
batting
53%
battled
53%
beastly
53%
bedders
53%
beefing
53%
beepers
53%
begging
53%
berries
53%
biggest
53%
bitting
53%
blading
53%
blasted
53%
blinded
53%
blinder
53%
bloater
53%
blogger
53%
bloomer
53%
blooper
53%
bluffed
53%
blushed
53%
blushes
53%
boasted
53%
boaster
53%
bobbers
53%
bobbing
53%
boggles
53%
bolters
53%
bolting
53%
bonkers
53%
bonking
53%
booting
53%
boppers
53%
borders
53%
borrows
53%
botched
53%
botcher
53%
bottled
53%
bottler
53%
bracing
53%
bracket
53%
bragger
53%
braking
53%
bramble
53%
bravery
53%
brights
53%
bringer
53%
brownie
53%
bruiser
53%
bruises
53%
brushes
53%
buckers
53%
buckled
53%
buckler
53%
budders
53%
builder
53%
bullied
53%
bulling
53%
bummers
53%
bundled
53%
bundler
53%
bungler
53%
bunkers
53%
burners
53%
burying
53%
bussing
53%
baboons
47%
baiters
47%
ballots
47%
banging
47%
banjoes
47%
batcher
47%
beagles
47%
beavers
47%
because
47%
beeking
47%
beetles
47%
behaves
47%
bellied
47%
belongs
47%
betting
47%
beveled
47%
bidders
47%
bidding
47%
birther
47%
biscuit
47%
bitches
47%
blamers
47%
blaring
47%
blazers
47%
blazing
47%
blister
47%
bloated
47%
blonder
47%
bloomed
47%
bluffer
47%
boarded
47%
boggled
47%
boosted
47%
booties
47%
boozers
47%
boozing
47%
bossing
47%
bracers
47%
braille
47%
brakers
47%
brassie
47%
bravers
47%
brawled
47%
brawler
47%
brazier
47%
breathe
47%
breaths
47%
brewers
47%
brewing
47%
bricked
47%
bridles
47%
brisket
47%
brokers
47%
brooded
47%
bubbled
47%
bubbler
47%
bubbles
47%
budgets
47%
bugging
47%
bumming
47%
bumping
47%
bungees
47%
burgers
47%
bussers
47%
bustier
47%
buzzing
47%
badging
41%
bailiff
41%
bananas
41%
bastard
41%
beanies
41%
behaved
41%
behinds
41%
benches
41%
berated
41%
between
41%
billers
41%
billows
41%
birdies
41%
birthed
41%
bisques
41%
bleaker
41%
bleaunt
41%
bleeded
41%
blights
41%
blondes
41%
blubber
41%
blueing
41%
bobbled
41%
bobbles
41%
bongoes
41%
bonnets
41%
bonnier
41%
boogied
41%
bookies
41%
bottoms
41%
boulder
41%
bouncer
41%
bounces
41%
bounder
41%
bovines
41%
boxings
41%
braised
41%
bravoes
41%
brawned
41%
brining
41%
brisker
41%
British
41%
broader
41%
brooked
41%
broomed
41%
budging
41%
buffets
41%
bugling
41%
bunters
41%
burring
41%
bushier
41%
buskers
41%
busking
41%
buttons
41%
buzzers
41%
baddest
35%
baddies
35%
baggier
35%
bandage
35%
barbers
35%
barfing
35%
barleys
35%
baronne
35%
bassoon
35%
bawling
35%
beaning
35%
becking
35%
beefers
35%
belcher
35%
bemoans
35%
bencher
35%
berates
35%
berried
35%
besties
35%
bicycle
35%
bigging
35%
bigoted
35%
bingers
35%
binning
35%
biology
35%
birding
35%
bitched
35%
blabbed
35%
bladers
35%
bleater
35%
blobber
35%
blogged
35%
blooped
35%
blotter
35%
blouses
35%
blunter
35%
boobies
35%
boogers
35%
botches
35%
bounded
35%
bowings
35%
boyhood
35%
bragged
35%
branchy
35%
brasses
35%
braving
35%
bridled
35%
bristle
35%
bristol
35%
buddied
35%
budgies
35%
buffalo
35%
builded
35%
bulging
35%
bulking
35%
bullier
35%
bumbles
35%
bunking
35%
bunning
35%
bursted
35%
burster
35%
bushers
35%
bustled
35%
bustles
35%
buttles
35%
baggies
29%
balking
29%
balloon
29%
bandier
29%
bandits
29%
banquet
29%
barbell
29%
barding
29%
barrels
29%
barrers
29%
barrows
29%
bartend
29%
Basques
29%
battens
29%
bawlers
29%
beadier
29%
bealing
29%
beefier
29%
beeline
29%
beholds
29%
belched
29%
benched
29%
Bengali
29%
bequest
29%
besides
29%
betwixt
29%
billets
29%
bleakly
29%
bleated
29%
blobbed
29%
blossom
29%
blubbed
29%
blunder
29%
bobbies
29%
bocking
29%
boffins
29%
bollock
29%
boredom
29%
bossier
29%
botanic
29%
boughed
29%
bounced
29%
bravest
29%
brayers
29%
brimmed
29%
brindle
29%
briners
29%
brinier
29%
brisked
29%
briskly
29%
brittle
29%
broiled
29%
broiler
29%
brothel
29%
brutish
29%
buggery
29%
buggies
29%
bulbous
29%
bulkers
29%
bullock
29%
bumbler
29%
bunched
29%
bunches
29%
burdens
29%
bussies
29%
butting
29%
babying
24%
balcony
24%
bandied
24%
banting
24%
barbing
24%
barrage
24%
barrier
24%
basalts
24%
bashful
24%
bassist
24%
battier
24%
baubles
24%
becomed
24%
bedroom
24%
beehive
24%
behaver
24%
behests
24%
Belgian
24%
beliefs
24%
beloved
24%
bendier
24%
beneath
24%
Berbers
24%
bespoke
24%
bestows
24%
beveler
24%
bibbler
24%
biffing
24%
biggies
24%
bingles
24%
birches
24%
birders
24%
Bitcoin
24%
blather
24%
blotted
24%
blunted
24%
blurred
24%
boddice
24%
boffing
24%
boggier
24%
boldest
24%
bolster
24%
booklet
24%
booping
24%
bootleg
24%
bouquet
24%
braises
24%
branner
24%
brazens
24%
brazing
24%
breezed
24%
breezes
24%
bribing
24%
briefed
24%
briefer
24%
broadly
24%
brogues
24%
broking
24%
bromine
24%
bronzed
24%
browser
24%
buckeye
24%
buckies
24%
buffles
24%
buffoon
24%
buggier
24%
buglers
24%
bulgers
24%
bullers
24%
bullion
24%
bumbled
24%
buncher
24%
bunging
24%
burgeon
24%
burglar
24%
burials
24%
burking
24%
burpees
24%
burrier
24%
burrows
24%
bushels
24%
bustard
24%
bustler
24%
busying
24%
butches
24%
buzzard
24%
bygones
24%
backets
18%
badland
18%
baggage
18%
baileys
18%
bailors
18%
baldest
18%
balkers
18%
ballies
18%
ballows
18%
balmier
18%
balsams
18%
bandana
18%
bandies
18%
baptist
18%
barbery
18%
barista
18%
barning
18%
barrack
18%
barrens
18%
bassine
18%
bayonet
18%
bayside
18%
beacons
18%
beamier
18%
bearded
18%
bedecks
18%
bedlams
18%
bedpans
18%
bedtime
18%
beetled
18%
befalls
18%
beguile
18%
belated
18%
belugas
18%
bemused
18%
bemuses
18%
benefit
18%
benight
18%
bennies
18%
berthed
18%
bestead
18%
betroth
18%
bettors
18%
bewitch
18%
bibbers
18%
bibbing
18%
bikinis
18%
bilking
18%
billies
18%
billion
18%
bipedal
18%
bipolar
18%
Bircher
18%
bittern
18%
bitumen
18%
bivouac
18%
blackly
18%
blandly
18%
blankie
18%
bleeper
18%
blinger
18%
blondie
18%
blotchy
18%
bloused
18%
blueish
18%
bluster
18%
bodging
18%
bodices
18%
boggart
18%
boldens
18%
bollard
18%
bombast
18%
bonbons
18%
boobing
18%
bookish
18%
boozier
18%
borough
18%
brashes
18%
brashly
18%
breamed
18%
brewery
18%
bribers
18%
bribery
18%
brickie
18%
brickle
18%
bridals
18%
briefly
18%
briming
18%
brimmer
18%
broncos
18%
bronzer
18%
bronzes
18%
browsed
18%
browses
18%
brusker
18%
buddier
18%
buddles
18%
bulgier
18%
bulkier
18%
bullish
18%
bumpier
18%
bunions
18%
bunkies
18%
burgess
18%
burgled
18%
buriers
18%
burlier
18%
bursary
18%
bushies
18%
busiest
18%
busines
18%
butlers
18%
butties
18%
buttled
18%
buyouts
18%
buzzier
18%
bylines
18%
babyish
12%
Babylon
12%
backies
12%
badness
12%
baffing
12%
bagfuls
12%
bagpipe
12%
bailies
12%
bakkies
12%
balance
12%
baldies
12%
ballads
12%
ballast
12%
baloney
12%
bamboos
12%
bamming
12%
bankman
12%
bankmen
12%
banshee
12%
bantams
12%
baptise
12%
baptism
12%
baptize
12%
barbels
12%
barbies
12%
bariums
12%
barkier
12%
barneys
12%
barnier
12%
baronet
12%
barrets
12%
Barrett
12%
barrios
12%
barroom
12%
bassies
12%
batteau
12%
batwing
12%
bauxite
12%
beadles
12%
beagler
12%
beakier
12%
beanery
12%
beanier
12%
bearder
12%
beatnik
12%
becalms
12%
bedevil
12%
bedhead
12%
bedouin
12%
bedside
12%
beerier
12%
beheads
12%
bejewel
12%
belates
12%
belayed
12%
belches
12%
beliers
12%
belying
12%
Bergens
12%
berserk
12%
beseech
12%
betrays
12%
Betties
12%
bigness
12%
billowy
12%
bindery
12%
bindles
12%
biopics
12%
birched
12%
bisects
12%
bishops
12%
bittier
12%
bladded
12%
blankly
12%
blashed
12%
blashes
12%
blemish
12%
blendes
12%
blesses
12%
Blighty
12%
blindly
12%
blipped
12%
blisses
12%
blitzed
12%
blitzes
12%
blowier
12%
bludger
12%
bludges
12%
bluntly
12%
blurted
12%
bobbins
12%
bobcats
12%
bodgers
12%
bodings
12%
bologna
12%
bombard
12%
bondage
12%
bonging
12%
boniest
12%
bonuses
12%
bookend
12%
bookman
12%
bookmen
12%
boomier
12%
boorish
12%
bootees
12%
borning
12%
boronic
12%
Bostons
12%
botting
12%
bouches
12%
bounden
12%
bourbon
12%
bowered
12%
bowwows
12%
boxiest
12%
bradded
12%
Brahmin
12%
branned
12%
brasier
12%
bravado
12%
bravoed
12%
brazers
12%
brazils
12%
breaden
12%
breadth
12%
breathy
12%
brigade
12%
brigand
12%
brimful
12%
bringal
12%
brioche
12%
broaden
12%
brocked
12%
brocket
12%
brodies
12%
bromide
12%
brookie
12%
broomie
12%
brulees
12%
brunets
12%
brusque
12%
buckier
12%
buddled
12%
buffier
12%
buffler
12%
Bulgars
12%
bullpen
12%
bulwark
12%
bumpkin
12%
bungies
12%
buoyant
12%
burdock
12%
burgher
12%
burgles
12%
burlers
12%
burling
12%
burnish
12%
burnout
12%
burrers
12%
bursars
12%
bursten
12%
buttock
12%
buttony
12%
Babines
6%
backend
6%
backlit
6%
backups
6%
baconer
6%
baffies
6%
baggily
6%
bagless
6%
bailout
6%
Baining
6%
baittle
6%
balboas
6%
baleful
6%
balkier
6%
ballans
6%
balters
6%
banally
6%
bancals
6%
bandlet
6%
bangkok
6%
bannock
6%
baobabs
6%
barbles
6%
bardier
6%
barkeep
6%
barkled
6%
barkles
6%
barless
6%
barlows
6%
barmaid
6%
baronis
6%
barries
6%
basinal
6%
basined
6%
basinet
6%
bastons
6%
batboys
6%
bateaux
6%
batoons
6%
battels
6%
bawdier
6%
bayongs
6%
bazooka
6%
beamily
6%
beamish
6%
beanbag
6%
beardie
6%
beavery
6%
becasse
6%
bedizen
6%
bedless
6%
bedmate
6%
bedpost
6%
bedress
6%
bedrock
6%
bedroll
6%
bedsits
6%
bedward
6%
beeswax
6%
beetler
6%
beguine
6%
behoove
6%
behoves
6%
beignet
6%
belayer
6%
belites
6%
bellboy
6%
Bellini
6%
bellman
6%
bellmen
6%
bellote
6%
belotte
6%
benison
6%
bennets
6%
benzene
6%
benzine
6%
Bernese
6%
berthas
6%
bespeak
6%
Bessies
6%
bestain
6%
bestial
6%
bethink
6%
betimes
6%
betrust
6%
bevered
6%
Beveren
6%
bevvies
6%
bewails
6%
beyonds
6%
bezzled
6%
bezzles
6%
biassed
6%
biasses
6%
bibbies
6%
bicarbs
6%
biddery
6%
biddies
6%
biennia
6%
bigfoot
6%
biggens
6%
biggish
6%
bigotry
6%
bilbies
6%
bilboes
6%
bilging
6%
bilkers
6%
billian
6%
bimboes
6%
bimorph
6%
bionics
6%
biotech
6%
biotest
6%
biplane
6%
birchen
6%
birdied
6%
birdier
6%
biretta
6%
birrias
6%
bisexed
6%
bismuth
6%
bistros
6%
bitable
6%
bitmaps
6%
bitonal
6%
bitties
6%
bivalve
6%
bizarre
6%
blarney
6%
blastie
6%
blatant
6%
blatted
6%
blawing
6%
blazons
6%
bleared
6%
bleeped
6%
blester
6%
blitzer
6%
blokish
6%
blousey
6%
blowfly
6%
blowout
6%
bludged
6%
bluefin
6%
bluntie
6%
blurbed
6%
blurter
6%
boababs
6%
boatful
6%
boaties
6%
boatman
6%
boatmen
6%
bobbery
6%
bobbish
6%
boblets
6%
bobtail
6%
bodegas
6%
bodkins
6%
bodycam
6%
bodycon
6%
bodying
6%
bogarts
6%
bogusly
6%
bohemia
6%
boilery
6%
boinked
6%
boleros
6%
bollies
6%
boluses
6%
boneset
6%
bonfire
6%
bonobos
6%
boodies
6%
boodler
6%
boodles
6%
boogeys
6%
bookery
6%
bookier
6%
boonies
6%
bootman
6%
bootmen
6%
boracic
6%
boranes
6%
borated
6%
borates
6%
boraxes
6%
bordels
6%
borides
6%
borines
6%
borking
6%
borscht
6%
Borstal
6%
borzois
6%
boskier
6%
Bosnian
6%
bosquet
6%
bossies
6%
botoxed
6%
botoxes
6%
bottega
6%
boucles
6%
boudoir
6%
bougier
6%
bougies
6%
boulles
6%
bournes
6%
bousing
6%
bowless
6%
bowlful
6%
bowlies
6%
bowline
6%
bowsers
6%
boxcars
6%
boycott
6%
braccia
6%
braches
6%
brachia
6%
bradawl
6%
bragget
6%
Brahman
6%
brailed
6%
brailer
6%
brakier
6%
brakies
6%
brambly
6%
brasset
6%
brassey
6%
Brassia
6%
bravely
6%
breachy
6%
Bretons
6%
brevets
6%
brevity
6%
bridale
6%
brilles
6%
brinded
6%
brisken
6%
bristly
6%
Britons
6%
brocade
6%
brocoli
6%
brokery
6%
bromate
6%
bronchi
6%
brooses
6%
brownly
6%
bruskly
6%
brustle
6%
bruting
6%
brutter
6%
bubbies
6%
bubonic
6%
buckish
6%
buckoes
6%
Buddhas
6%
buddhis
6%
buddler
6%
bugbear
6%
bugfish
6%
bulldog
6%
bullens
6%
bumpily
6%
buntier
6%
bunties
6%
buoying
6%
burbled
6%
burbler
6%
burbles
6%
bureaus
6%
burghal
6%
burlaps
6%
burrito
6%
bushboy
6%
bushman
6%
bushmen
6%
butanes
6%
bynames
6%
byroads
6%
baalism
0%
baalite
0%
baalize
0%
babalas
0%
babasco
0%
babassu
0%
Babbitt
0%
Babcock
0%
babesia
0%
Babhans
0%
babiana
0%
babiche
0%
babiest
0%
babions
0%
Babisms
0%
Babists
0%
baboens
0%
babroot
0%
babuina
0%
babysat
0%
babysit
0%
bacabas
0%
bacalao
0%
bacauan
0%
baccate
0%
Bacchae
0%
bacchic
0%
bacchii
0%
Bacchus
0%
baccies
0%
bachata
0%
baching
0%
bacilli
0%
Baciroa
0%
backbar
0%
backbit
0%
backens
0%
backfat
0%
backfin
0%
backfit
0%
backhoe
0%
backlog
0%
backlot
0%
backsaw
0%
backset
0%
backsey
0%
Bactris
0%
baculum
0%
baculus
0%
bacuris
0%
Badagas
0%
badawin
0%
badawis
0%
badchan
0%
badchen
0%
baddish
0%
badeous
0%
badians
0%
badjoos
0%
badmash
0%
badrans
0%
baetuli
0%
baetyli
0%
baetyls
0%
bafaros
0%
baganis
0%
bagasse
0%
baggala
0%
baggits
0%
Bagirmi
0%
bagnios
0%
Bagobos
0%
bagonet
0%
bagoong
0%
bagpods
0%
bagreef
0%
bagsful
0%
bagwash
0%
bagwigs
0%
bagworm
0%
bagwyns
0%
bahadas
0%
bahadur
0%
Bahaism
0%
Bahaist
0%
baheras
0%
bahisti
0%
bahurim
0%
baidars
0%
Baidyas
0%
bailees
0%
baillis
0%
bainite
0%
Bainoas
0%
baiocco
0%
Bairams
0%
bairnie
0%
bairnly
0%
Baisakh
0%
Baitsis
0%
bajadas
0%
bajocco
0%
Bajouri
0%
bajrees
0%
bakable
0%
bakauan
0%
bakeout
0%
baklava
0%
baktuns
0%
bakulas
0%
bakuris
0%
Balaams
0%
balabos
0%
Balaena
0%
balafon
0%
balafos
0%
Balahis
0%
balanic
0%
balanid
0%
Balanta
0%
Balante
0%
Balanus
0%
balases
0%
balatas
0%
balatte
0%
Balawas
0%
balches
0%
baldish
0%
baldrib
0%
baldric
0%
baleage
0%
balebos
0%
baleens
0%
baletes
0%
balians
0%
Balijas
0%
balista
0%
balitao
0%
balitis
0%
Balkars
0%
balkily
0%
ballade
0%
ballams
0%
ballant
0%
ballata
0%
ballate
0%
ballism
0%
ballium
0%
ballock
0%
ballons
0%
Ballota
0%
ballute
0%
balmily
0%
balmony
0%
balneal
0%
Balochi
0%
Balochs
0%
balsami
0%
balsamo
0%
balsamy
0%
balshem
0%
balteus
0%
Baltica
0%
Baluchi
0%
Baluchs
0%
Balugas
0%
Bambara
0%
bambini
0%
bambino
0%
bambuco
0%
Bambusa
0%
Bambuti
0%
Banaros
0%
banchas
0%
bandaka
0%
bandbox
0%
bandeau
0%
bandeng
0%
bandgap
0%
bandido
0%
bandito
0%
bandman
0%
bandogs
0%
bandora
0%
bandore
0%
bandrol
0%
bandsaw
0%
bandura
0%
baneful
0%
Bangash
0%
bangkal
0%
bangkas
0%
Banivas
0%
bankets
0%
banksia
0%
banlieu
0%
bannack
0%
bannuts
0%
bantays
0%
banteng
0%
banties
0%
Bantoid
0%
banuses
0%
banuyos
0%
banyans
0%
banzais
0%
baraboo
0%
Baraita
0%
barakas
0%
baramin
0%
baranis
0%
baratte
0%
barback
0%
barbate
0%
barbeau
0%
barbera
0%
barbero
0%
barbets
0%
barbita
0%
barblet
0%
barbola
0%
barbone
0%
barboys
0%
barbudi
0%
barbudo
0%
Barbula
0%
barbule
0%
barchan
0%
barcode
0%
bardane
0%
bardash
0%
bardees
0%
bardies
0%
bardlet
0%
barefit
0%
bareges
0%
baresma
0%
baretta
0%
barffed
0%
barfish
0%
bargees
0%
bargham
0%
barhops
0%
Baribas
0%
barilla
0%
barites
0%
barkens
0%
barkhan
0%
barmier
0%
barmkin
0%
barmote
0%
barnful
0%
barnman
0%
barnmen
0%
barocco
0%
Barolos
0%
barongs
0%
baronry
0%
baroque
0%
Barosma
0%
barotos
0%
Barotse
0%
barques
0%
barrera
0%
barrico
0%
barrule
0%
barruly
0%
Barsacs
0%
barsoms
0%
bartree
0%
bartsia
0%
barware
0%
barways
0%
barwing
0%
barwise
0%
barwood
0%
baryons
0%
barytas
0%
barytes
0%
barytic
0%
baryton
0%
basales
0%
basalia
0%
basalis
0%
basally
0%
bascart
0%
bascine
0%
bascule
0%
Basedow
0%
Basella
0%
baseman
0%
basemen
0%
basenji
0%
bashaws
0%
Bashkir
0%
bashlik
0%
bashlyk
0%
basidia
0%
basilar
0%
basilic
0%
basions
0%
basmati
0%
basoids
0%
basonym
0%
Basotho
0%
bastide
0%
bastite
0%
basural
0%
Basutos
0%
batarde
0%
Batatas
0%
batetes
0%
batfish
0%
batfowl
0%
bathmic
0%
bathtub
0%
bathyal
0%
batidas
0%
batidos
0%
batinos
0%
batiste
0%
batsman
0%
batsmen
0%
battues
0%
batture
0%
battuta
0%
batuque
0%
bauchle
0%
bauchly
0%
bauckie
0%
Bauhaus
0%
baulked
0%
baumier
0%
baunoes
0%
Bauplan
0%
bausond
0%
bausons
0%
bauttas
0%
bavette
0%
bavians
0%
bawbees
0%
bawcock
0%
bawdies
0%
bawdily
0%
bawleys
0%
bawneen
0%
bayamos
0%
baybolt
0%
baybush
0%
bayetas
0%
baygall
0%
bayhead
0%
bayotts
0%
baywood
0%
bazaars
0%
Bazigar
0%
bazooms
0%
bazzite
0%
beadily
0%
bealach
0%
beamage
0%
bearish
0%
beatbox
0%
beatify
0%
beaufet
0%
bebeeru
0%
becalls
0%
becards
0%
becharm
0%
beckets
0%
beckite
0%
becloud
0%
becooms
0%
becrime
0%
becross
0%
becrush
0%
becuiba
0%
becunas
0%
becunes
0%
bedaubs
0%
bedawin
0%
bedawis
0%
bedbugs
0%
bedcord
0%
bedegar
0%
bedells
0%
bedeman
0%
bederal
0%
bedewed
0%
bedfast
0%
bedform
0%
bedgery
0%
bedgown
0%
bedight
0%
bedikah
0%
bedkeys
0%
bedrals
0%
bedrops
0%
bedsore
0%
bedtick
0%
beduins
0%
bedways
0%
bedwell
0%
beeball
0%
beechen
0%
beefalo
0%
beekite
0%
beelike
0%
beerage
0%
beerily
0%
Beetewk
0%
beevish
0%
beeware
0%
beeways
0%
beeweed
0%
beeyard
0%
beezers
0%
beflour
0%
beflums
0%
befools
0%
befouls
0%
begaris
0%
begasse
0%
begauds
0%
beggary
0%
Beghard
0%
begirds
0%
begloom
0%
begnawn
0%
begonia
0%
begorra
0%
begrime
0%
beguins
0%
begunks
0%
behight
0%
behoved
0%
behowls
0%
bejaded
0%
bejades
0%
bejants
0%
bejesus
0%
bejucos
0%
beknave
0%
belabor
0%
Belanda
0%
belauds
0%
beldame
0%
beldams
0%
beleper
0%
belgard
0%
Belials
0%
belibel
0%
bellhop
0%
Bellona
0%
bellota
0%
bellums
0%
Belomys
0%
belonid
0%
belotes
0%
belouga
0%
belsire
0%
Beltane
0%
Beltian
0%
Beltirs
0%
beltman
0%
beltmen
0%
beltons
0%
beltway
0%
beluchi
0%
bemazed
0%
bemeans
0%
bemired
0%
bemires
0%
bemocks
0%
bemouth
0%
benamee
0%
benasty
0%
benbens
0%
bendays
0%
bendlet
0%
benefic
0%
Bengola
0%
benjies
0%
benomyl
0%
benorth
0%
bensels
0%
benshed
0%
benshes
0%
bensils
0%
bentang
0%
benthic
0%
benthon
0%
benthos
0%
benumbs
0%
benweed
0%
benzals
0%
benzils
0%
benzoin
0%
benzols
0%
benzoyl
0%
benzyls
0%
benzyne
0%
Beothuk
0%
Beowulf
0%
bepaint
0%
bepaper
0%
berakah
0%
berakot
0%
berayed
0%
berbere
0%
Berberi
0%
berbery
0%
Bercies
0%
Bereans
0%
bereave
0%
berendo
0%
bereted
0%
beretta
0%
bergama
0%
Bergans
0%
bergere
0%
bergylt
0%
berhyme
0%
beriths
0%
berleys
0%
berobed
0%
Beroida
0%
berseem
0%
Bertats
0%
berthes
0%
beseems
0%
beshows
0%
beshrew
0%
besiege
0%
beslave
0%
besmear
0%
besmogs
0%
besmoke
0%
besorts
0%
besouls
0%
bespate
0%
bespawl
0%
bespell
0%
bespete
0%
bespoil
0%
bestest
0%
bestirs
0%
bestrew
0%
bestrid
0%
besugos
0%
betaine
0%
betaken
0%
betakes
0%
betanin
0%
beteems
0%
bethels
0%
bethumb
0%
bethump
0%
betided
0%
betides
0%
betises
0%
betitle
0%
betoken
0%
Betoyan
0%
betrunk
0%
bettong
0%
betulin
0%
beurres
0%
bevvied
0%
beweeps
0%
bewhore
0%
bewpers
0%
bewrays
0%
bewrite
0%
bewrote
0%
beylics
0%
beyliks
0%
beyonst
0%
bezante
0%
bezants
0%
bezanty
0%
bezique
0%
bezoars
0%
bhabars
0%
Bhadons
0%
bhagats
0%
bhajias
0%
bhaktas
0%
bhaktis
0%
bhangis
0%
bhangra
0%
bharals
0%
Bharata
0%
Bharati
0%
bhartha
0%
bhartis
0%
bhatura
0%
bheesty
0%
bhikkus
0%
bhikshu
0%
bhistis
0%
bhokras
0%
bhoosas
0%
Bhotias
0%
Bhotiya
0%
Bhuiyas
0%
bhunder
0%
bhungis
0%
Bhutias
0%
biacuru
0%
Biafran
0%
bialate
0%
Bianchi
0%
biasing
0%
biaural
0%
biaxial
0%
bibbery
0%
bibcock
0%
bibelot
0%
biberon
0%
bibiris
0%
bibirus
0%
bibless
0%
biblism
0%
biblist
0%
bichirs
0%
bichons
0%
bichord
0%
bicolor
0%
bicones
0%
bicorne
0%
bicuiba
0%
bidarka
0%
bidents
0%
bielded
0%
bifaces
0%
Bifaras
0%
biffies
0%
biffins
0%
bifilar
0%
bifocal
0%
bifolia
0%
bifront
0%
bigener
0%
bigeyes
0%
bigfeet
0%
biggahs
0%
biggety
0%
biggins
0%
biggity
0%
bighead
0%
bighorn
0%
bigmitt
0%
bigonet
0%
bigotty
0%
bigrams
0%
bigroot
0%
bigwigs
0%
Biharis
0%
bijasal
0%
bikable
0%
Bikaner
0%
bikeway
0%
Bilaans
0%
bilayer
0%
bilboas
0%
bilcock
0%
bildars
0%
bilgier
0%
Bilharz
0%
biliary
0%
bilimbi
0%
bilious
0%
biliths
0%
billbug
0%
billety
0%
billman
0%
billmen
0%
billons
0%
bilobed
0%
bilsted
0%
Bilston
0%
biltong
0%
bimanal
0%
bimanes
0%
bimanus
0%
bimasty
0%
bimetal
0%
bimodal
0%
binated
0%
binates
0%
bingees
0%
binghis
0%
bingies
0%
binious
0%
binnies
0%
binodal
0%
Binokid
0%
binomen
0%
biobank
0%
biochar
0%
biochip
0%
biocide
0%
biofilm
0%
biofuel
0%
biogens
0%
biogeny
0%
bioherm
0%
biolite
0%
biolith
0%
biomass
0%
bionomy
0%
biontic
0%
biosome
0%
biotins
0%
biotite
0%
biotize
0%
biotope
0%
biotype
0%
biozone
0%
bipacks
0%
biparty
0%
bippies
0%
biprism
0%
birdeye
0%
birdman
0%
birdmen
0%
biremes
0%
Birhors
0%
biriani
0%
biribas
0%
birkies
0%
birlers
0%
birling
0%
Birmans
0%
Birnirk
0%
birsled
0%
birsles
0%
biryani
0%
bisabol
0%
bisagre
0%
Bisayan
0%
biskops
0%
bismite
0%
bisnaga
0%
bispore
0%
bistate
0%
bisters
0%
bistort
0%
bistred
0%
bistres
0%
bitrate
0%
bitsier
0%
Bittium
0%
bittock
0%
biturbo
0%
bitwise
0%
bitypic
0%
biunial
0%
biurets
0%
bivinyl
0%
bivvies
0%
biwings
0%
bizarro
0%
bizjets
0%
biznaga
0%
bizonal
0%
bizones
0%
blaasop
0%
blackey
0%
bladier
0%
blaflum
0%
blagued
0%
blagues
0%
Blalock
0%
Blandas
0%
blarina
0%
blastid
0%
blatter
0%
blattid
0%
blaubok
0%
blavers
0%
blawort
0%
blazars
0%
blazier
0%
blebbed
0%
bleezed
0%
bleezes
0%
blellum
0%
blendor
0%
blesbok
0%
blesmol
0%
blether
0%
blewits
0%
bliauds
0%
bliauts
0%
blickey
0%
blickie
0%
blijver
0%
blinter
0%
blintze
0%
blissom
0%
blithen
0%
blither
0%
blitter
0%
blocage
0%
blodite
0%
blouson
0%
blowbys
0%
blowens
0%
blowgun
0%
blowpit
0%
blowsed
0%
blowths
0%
blowups
0%
blowzed
0%
blowzes
0%
blucher
0%
bluecap
0%
bluecup
0%
blueier
0%
bluetop
0%
blueway
0%
bluffly
0%
blufted
0%
bluings
0%
blunged
0%
blunger
0%
blunges
0%
boarish
0%
Boasian
0%
boatage
0%
boatels
0%
bobache
0%
bobacks
0%
Bobadil
0%
bobeche
0%
bobotee
0%
bobotie
0%
bobsled
0%
bobstay
0%
bobwood
0%
bocages
0%
boccaro
0%
boccies
0%
bocland
0%
bodachs
0%
bodeful
0%
bodegon
0%
bodhran
0%
bodocks
0%
bodonid
0%
Boebera
0%
boffola
0%
bogache
0%
bogatyr
0%
bogbean
0%
bogeyed
0%
bogfern
0%
boghead
0%
boghole
0%
bogland
0%
boglets
0%
Bogomil
0%
bogshah
0%
boguing
0%
bogwood
0%
bogyman
0%
bogymen
0%
bohmite
0%
Bohoras
0%
bohrium
0%
bohunks
0%
boigids
0%
boiloff
0%
Boisean
0%
bokadam
0%
Bokhara
0%
Bokmals
0%
bolases
0%
boldine
0%
boleite
0%
boletes
0%
boletus
0%
bolides
0%
bolillo
0%
bolitas
0%
bolitos
0%
bolivar
0%
Boloism
0%
bololos
0%
boloman
0%
bolomen
0%
boloney
0%
bolshie
0%
bolsons
0%
boltels
0%
bolties
0%
boltins
0%
Bomarea
0%
bomblet
0%
bonacis
0%
bonaght
0%
bonangs
0%
bonanza
0%
bonasus
0%
bondars
0%
bondman
0%
bondmen
0%
bondons
0%
bonducs
0%
boneens
0%
bonelet
0%
bongars
0%
bonhams
0%
boniato
0%
bonitos
0%
bonjour
0%
bonnily
0%
bonsoir
0%
Bontocs
0%
Bontoks
0%
bonxies
0%
boobily
0%
boobird
0%
boobish
0%
boobook
0%
boogums
0%
boohoos
0%
Booidea
0%
boojums
0%
bookbag
0%
bookful
0%
Boolean
0%
boolies
0%
boomage
0%
boomkin
0%
boomlet
0%
boorach
0%
boordly
0%
boosies
0%
bootboy
0%
bootery
0%
boozily
0%
bopeeps
0%
boppist
0%
bopster
0%
bopyrid
0%
borages
0%
Boranas
0%
borasca
0%
borasco
0%
bordage
0%
bordars
0%
borduns
0%
bordure
0%
boreens
0%
boregat
0%
boreles
0%
Boricua
0%
bornane
0%
Bornean
0%
borneol
0%
bornite
0%
bornyls
0%
boronia
0%
Bororos
0%
bortzes
0%
Borucas
0%
boscage
0%
Bosches
0%
boshbok
0%
boshers
0%
boshter
0%
boskage
0%
boskets
0%
Boskops
0%
Bosmina
0%
Bosniac
0%
Bosniak
0%
bosomed
0%
bosonic
0%
bosques
0%
bossage
0%
bossdom
0%
bossets
0%
bossism
0%
bostryx
0%
Boswell
0%
botetes
0%
bothies
0%
Bothnic
0%
bothria
0%
bothroi
0%
bothros
0%
botnets
0%
botonee
0%
bottine
0%
bottony
0%
botulin
0%
boubous
0%
boucans
0%
bouchal
0%
bouchee
0%
bouchon
0%
boudins
0%
bouffes
0%
bouffon
0%
bougars
0%
bougets
0%
bouilli
0%
boujier
0%
boulter
0%
bourach
0%
bourdon
0%
bourgie
0%
bourkha
0%
bourock
0%
Bourout
0%
bourree
0%
bourses
0%
boutade
0%
boutell
0%
boutons
0%
boutres
0%
Bouvier
0%
bovates
0%
Bovidae
0%
bovinum
0%
Bovista
0%
bowdarc
0%
bowdark
0%
bowdens
0%
bowdock
0%
bowerly
0%
bowfins
0%
bowhead
0%
bowhunt
0%
bowkail
0%
bowking
0%
bowknot
0%
bowlder
0%
bowlegs
0%
bowmans
0%
bowning
0%
bowpins
0%
bowpots
0%
bowshot
0%
bowsing
0%
bowsman
0%
bowsmen
0%
bowssen
0%
bowster
0%
bowtell
0%
bowtels
0%
bowwood
0%
bowyang
0%
bowyers
0%
boxbush
0%
boxfish
0%
boxfuls
0%
boxhaul
0%
boxhead
0%
boxlike
0%
boxtree
0%
boxwood
0%
boxwork
0%
boyards
0%
boychik
0%
boyisms
0%
bozines
0%
brabble
0%
braccae
0%
braccio
0%
bracero
0%
brachen
0%
brachet
0%
brachii
0%
bracted
0%
bradoon
0%
bradsot
0%
Braford
0%
Brahmas
0%
Brahmis
0%
Brahmos
0%
Brahuis
0%
brainge
0%
brairds
0%
brairos
0%
brakeys
0%
braless
0%
brangle
0%
branked
0%
brankie
0%
branles
0%
bransle
0%
brasero
0%
brattle
0%
braulas
0%
braunas
0%
bravade
0%
bravura
0%
brawest
0%
braxies
0%
brayera
0%
breacan
0%
breakax
0%
breakup
0%
breccia
0%
brecham
0%
brechan
0%
breckan
0%
bredies
0%
breenge
0%
brehons
0%
brekkie
0%
brelans
0%
bremely
0%
brether
0%
brevier
0%
brevits
0%
brewage
0%
brewpub
0%
brewski
0%
briards
0%
bribees
0%
Bribris
0%
bricole
0%
bridoon
0%
brieves
0%
brigued
0%
brigues
0%
Brinell
0%
brinjal
0%
Brinser
0%
briquet
0%
brisque
0%
brisses
0%
brisure
0%
brither
0%
Britpop
0%
britska
0%
brizure
0%
brizzed
0%
brizzes
0%
broadax
0%
brocard
0%
brochan
0%
broches
0%
brochos
0%
brodded
0%
brogans
0%
brogged
0%
broguer
0%
broider
0%
broigne
0%
brokage
0%
brolgas
0%
bromism
0%
bromoil
0%
broncho
0%
bronzen
0%
brosnas
0%
browden
0%
browman
0%
browmen
0%
browsts
0%
bruangs
0%
brubrus
0%
bruchid
0%
bruchus
0%
brucias
0%
brucine
0%
brucite
0%
bruckle
0%
Brugada
0%
bruited
0%
brulyie
0%
brumous
0%
Brunner
0%
brushup
0%
brutage
0%
brutely
0%
bruxism
0%
bruyere
0%
Bryales
0%
brynzas
0%
bryonia
0%
Bryozoa
0%
Brython
0%
bubales
0%
bubalis
0%
Bubalus
0%
bubblet
0%
bubinga
0%
bubukle
0%
bucaned
0%
bucardo
0%
bucares
0%
bucayos
0%
buccans
0%
buccina
0%
buccins
0%
buccula
0%
Buceros
0%
buchite
0%
Buchloe
0%
Buchner
0%
buckass
0%
buckeen
0%
buckism
0%
buckpot
0%
buckram
0%
bucksaw
0%
bucolic
0%
bucrane
0%
buddahs
0%
budless
0%
budlets
0%
budling
0%
budmash
0%
budtime
0%
Budukha
0%
Budumas
0%
budwood
0%
budworm
0%
bufagin
0%
Buffbar
0%
bufonid
0%
bugaboo
0%
Bugakus
0%
bugalas
0%
bugaras
0%
bugbane
0%
bugbite
0%
bugeyes
0%
bughead
0%
buglets
0%
bugloss
0%
bugouts
0%
bugseed
0%
bugweed
0%
buildup
0%
buirdly
0%
buisson
0%
Bukauas
0%
bukayos
0%
Bukeyef
0%
bukshas
0%
bukshis
0%
bulbils
0%
bulblet
0%
bulbose
0%
bulbuls
0%
bulghur
0%
bulgily
0%
bulgogi
0%
bulgurs
0%
bulimia
0%
bulimic
0%
Bulimus
0%
Bulinus
0%
bulkily
0%
bullace
0%
bullary
0%
bullate
0%
bullbat
0%
bullety
0%
bullnut
0%
bullosa
0%
bullous
0%
bullpup
0%
bulokes
0%
bulrush
0%
bultows
0%
bumbags
0%
bumbalo
0%
bumbass
0%
bumbast
0%
bumbaze
0%
bumbees
0%
bumboat
0%
bumelia
0%
bumfegs
0%
bumicky
0%
bumkins
0%
bummalo
0%
bummelo
0%
bummels
0%
bummled
0%
bummler
0%
bummles
0%
bumpety
0%
bumpity
0%
bumtrap
0%
bumwood
0%
buncoed
0%
Bundeli
0%
bundies
0%
bundist
0%
bunkums
0%
Bunnell
0%
bunnias
0%
Bunraku
0%
buntals
0%
buntons
0%
bunuelo
0%
bunyips
0%
buoyage
0%
buppies
0%
buqshas
0%
burbark
0%
burbots
0%
Burdach
0%
burdies
0%
bureaux
0%
burelly
0%
burette
0%
burfish
0%
burgage
0%
burgall
0%
burgaos
0%
burgaus
0%
burgees
0%
burgoos
0%
burhead
0%
Buriats
0%
burions
0%
buritis
0%
Burkean
0%
burkini
0%
Burkitt
0%
burlaws
0%
burlets
0%
burleys
0%
burlily
0%
Burmans
0%
Burmese
0%
burmite
0%
burnets
0%
burnier
0%
burnies
0%
burnous
0%
burnuts
0%
burrage
0%
burrata
0%
burrhel
0%
bursate
0%
bursati
0%
burseed
0%
Bursera
0%
bursula
0%
burthen
0%
burulee
0%
burweed
0%
Buryats
0%
busbies
0%
busboys
0%
bushhog
0%
Bushido
0%
bushily
0%
bushpig
0%
bushtit
0%
bushwah
0%
bushwas
0%
busings
0%
buskins
0%
busload
0%
bussock
0%
bustees
0%
bustian
0%
bustics
0%
bustoes
0%
busways
0%
Busycon
0%
butanal
0%
butanol
0%
buteins
0%
butenes
0%
butenyl
0%
butlery
0%
Butomus
0%
butoxyl
0%
butynes
0%
butyral
0%
butyric
0%
butyrin
0%
butyryl
0%
buvette
0%
buxomer
0%
buxomly
0%
buyback
0%
buydown
0%
Buyides
0%
Buzains
0%
buzzwig
0%
bycatch
0%
bycoket
0%
byelaws
0%
byerite
0%
bygoing
0%
bylinas
0%
bylined
0%
byliner
0%
bypaths
0%
byplays
0%
byreman
0%
byremen
0%
byrlady
0%
byrlaws
0%
byrnies
0%
Byronic
0%
byssine
0%
byssoid
0%
bywalks
0%
bywoner
0%
bywords
0%
byworks
0%
No matching quizzes found
Score Distribution
Percent of People with Each Score
Percentile by Number Answered
Your Score History
You have not taken this quiz